000 00612nam a22002177a 4500
999 _c13923
_d13923
003 MIRAKIL
005 20200818153441.0
008 200818b tu ||||| |||| 00| 0 tur d
040 _aTR-AnCHP
_cTR-AnCHP
041 _atur
082 _a891.73
_bG66e 1979
100 _aGorki, Maksim
245 1 0 _aEkmeğimi kazanırken/
_cMaksim Gorki; çeviren Güler Dikmen.
250 _a2 bs.
260 _aİstanbul:
_bOda Yayınları,
_c1979.
300 _a335 s.:
_c19 sm.
490 0 _aOda Yayınları;
_v24.
650 0 _95112
_aRus Edebiyatı
_xRoman
700 _96422
_aDikmen, Güler.
_eçev.
942 _2ddc
_cBKS